Lines from a song - 4. Hard - Statistics

General Stats
  • This quiz has been taken 11 times
  • The average score is 3 of 16
Answer Stats
Line Song / Band % Correct
"...I met her in a club down in old SohoWhere you drink champagne and it tastes just like Coca-Cola C-O-L-A, Cola She walked up to me and she asked me to dance I asked her her name and in a dark brown voice she said..." Lola / The Kinks
60%
"...On the first part of the journeyI was looking at all the life There were plants and birds and rocks and things There was sand and hills and rings The first thing I met was a fly with a buzz..." A Horse with No Name / America
40%
"...You've been down too long in the midnight seaOh what's becoming of me Ride the tiger You can see his stripes but you know he's clean Oh don't you see what I mean..." Holy Diver / Dio
30%
"...Tonight I want to give it all to youIn the darkness There's so much I want to do And tonight I want to lay it at your feet Cause girl, I was made for you..." I Was Made for Lovin' You / KISS
30%
"...The party blessed me with its futureAnd i protect it with fire I am the nina, the pinta, the santa maria The noose and the rapist, the fields overseer The agents of orange The priests of hiroshima..." Sleep Now in the Fire / Rage Against the Machine
30%
"...All the world's indeed a stageAnd we are merely players Performers and portrayers Each another's audience Outside the gilded cage Living in the..." Limelight / Rush
20%
"...I know the pieces fit'Cause I watched them fall away. Mildewed and smouldering, Fundamental differing. Pure intention juxtaposed..." Schism / Tool
20%
"...Why does the sun go on shining?Why does the sea rush to shore? Don't they know it's The _ _ _ _ Cause you don't love me any more..." The End of the World / Skeeter Davis
20%
"...The candles blew and then disappearedThe curtains flew and then he appeared (Saying, "Don't be afraid") Come on baby (And she had no fear)..." (Don't Fear) The Reaper / Blue Öyster Cult
10%
"...Last night I hold Aladdin's lamp and so I wished that I could stayBefore the thing could answer me Well someone came and took the lamp away I looked around a lousy candle was all I found Well you don't know what uh we can find Why don't you come with me little girl..." Magic Carpet Ride / Steppenwolf
10%
"...Come (shove it, shove it, shove it)Shove (shove it, shove it, shove it) The sun (shove it, shove it, shove it) Aside (shove it aside) I think God is moving it's tongue There's no crowd in the street and no sun..." My Own Summer / Deftones
10%
"...All the timesthat I've felt insecure for you And I leave my burdens at the door But I'm on the..." Outside / Staind
10%
"...A crack on the headis what you get for not asking and a crack on the head is what you get for asking Unruly boys..." Barbarism Begins at Home / The Smiths
0%
"...In my own simple wayI think she wants me only She said "Come over right away." But she's just not that way..." Dirty Magic / Offspring
0%
"...My eyes are blind, but I can see.The snowflakes glisten on the trees. The Sun no longer sets me free. I feel the snowflakes freezing me...." Snowblind / Black Sabbath
0%
"...For too long now, there were secrets in my mindFor too long now, there were things I should have said In the darkness, I was stumbling for the door To find a reason, to find the time, the place, the hour..." Tears of the Dragon / Bruce Dickinson
0%
No matching quizzes found
Score Distribution
Percent of People with Each Score
Percentile by Number Answered
Your Score History
You have not taken this quiz